La ville noire / (Record no. 164695)

MARC details
000 -LEADER
campo de control de longitud fija 00657nam a2200205 i 4500
001 - NÚMERO DE CONTROL
campo de control 164695
003 - IDENTIFICADOR DE NÚMERO DE CONTROL
campo de control ES-MaACL
005 - FECHA Y HORA DE LA ÚLTIMA TRANSACCIÓN
campo de control 20230906213000.0
008 - DATOS DE LONGITUD FIJA--INFORMACIÓN GENERAL
campo de control de longitud fija 050804s1861 fr | |||||||| ||fre d
040 ## - FUENTE DE CATALOGACIÓN
Centro catalogador/agencia de origen CAM
Lengua de catalogación spa
Centro/agencia transcriptor CAM
100 1# - ENTRADA PRINCIPAL--NOMBRE DE PERSONA
Nombre de persona Sand, George,
Fechas asociadas al nombre 1804-1876
9 (RLIN) 103060
245 13 - MENCIÓN DEL TÍTULO
Título La ville noire /
Mención de responsabilidad, etc. par George Sand.
250 ## - MENCION DE EDICION
Mención de edición 2e éd.
260 ## - PUBLICACIÓN, DISTRIBUCIÓN, ETC.
Lugar de publicación, distribución, etc. Paris :
Nombre del editor, distribuidor, etc. Michel Lévy frères libraires-éditeurs,
Fecha de publicación, distribución, etc. 1861 (
Fabricante Imprimerie de A. Pillet fils ainé)
300 ## - DESCRIPCIÓN FÍSICA
Extensión 259 p. ;
Dimensiones 18 cm.
490 1# - MENCIÓN DE SERIE
Mención de serie Oeuvres de George Sand
830 0# - PUNTO DE ACCESO ADICIONAL DE SERIE-TÍTULO UNIFORME
Título uniforme Oeuvres de George Sand
9 (RLIN) 188465
852 ## - LOCALIZACIÓN
Ubicación ES-MaACL
Número de control de estantería G-14528
Nota libre -- Enc. hol.
Holdings
Estatus retirado Estado de pérdida Estado de daño No para préstamo Colección Biblioteca de origen Biblioteca actual Ubicación en estantería Fecha de adquisición Fuente de adquisición Total de préstamos Signatura topográfica completa Código de barras Visto por última vez Precio de reemplazo Tipo de ítem Koha
        Libros del s. XIX Biblioteca del Ateneo de Madrid Biblioteca del Ateneo de Madrid Sala Pecera Planta 3 17/01/2008     G-14528 1172643 23/02/2023 23/02/2023 Libro impreso antiguo